01464nam a2200241 a 450000100080000000500110000800800410001910000210006024501110008126000310019230000100022352007890023365300200102265300230104265300280106565300270109370000140112070000190113470000190115370000210117270000160119370000130120911206012014-04-15 1989 bl uuuu t 00u1 u #d1 aSORRENSON, W. J. aO enfoque sist??mico na pesquisa agropecu??ria numa perspectiva de desenvolvimento.h[electronic resource] aChapec??, SC: EMPASCc1989 a59 p. aA busca constante de aprimoramento da a????o de Pesquisa e da Extens??o, passa pela utiliza????o de novos enfoques, sempre com o intuito de melhor servir os que produzem e os que consomem produtos agropecu??rios do Estado. Um desses novos enfoques ?? a metodologia de Pesquisa com Enfoque Sist??mico. Este enfoque corresponde a uma necessidade de adequa????o adas a????es ao p??blico preferencial do Setor P??blico Agr??cola do Estado: os pequenos estabelecimentos agr??colas familiares, tamb??m conhecidos como ?pequenas propriedades?. Espera-se que este trabalho que descreve a metodologia e as experi??ncias de sua implanta????o e implementa????o no Oeste Catarinense por um per??odo de tr??s anos a partir de abril de 1986, seja ??til a quem ?? movido pelas mesmas preocupa????es. aDesenvolvimento aEnfoque Sist??mico aPesquisa em propriedade aPesquisa participativa1 aNADAL, R.1 aDALMAZO, N. L.1 aWILDNER, L. P.1 aSILVESTRO, M. L.1 aCORTINA, N.1 aHEMP, S.